Welcome to the Holygrace Academy Library

Please use search bar below to get started

MY FAMOUS INDIAN FOLK TALES (Record no. 7342)

MARC details
000 -LEADER
fixed length control field 00268nam a22001217a 4500
082 ## - DEWEY DECIMAL CLASSIFICATION NUMBER
Classification number 823
Item number UNK/DHI
100 ## - MAIN ENTRY--AUTHOR NAME
Personal name UNKNOWN
245 ## - TITLE STATEMENT
Title MY FAMOUS INDIAN FOLK TALES
260 ## - PUBLICATION, DISTRIBUTION, ETC. (IMPRINT)
Place of publication DELHI
Name of publisher DHINGRA PUBLISHING
300 ## - PHYSICAL DESCRIPTION
Number of Pages 225
650 ## - SUBJECT ADDED ENTRY--TOPICAL TERM
Topical Term ENGLISH STORY
Geographic subdivision INDIA
942 ## - ADDED ENTRY ELEMENTS (KOHA)
Koha item type Books
Holdings
Withdrawn status Lost status Collection code Home library Current library Date acquired Source of acquisition Full call number Accession Number Koha item type
Withdrawn Damaged Item Fiction Main Library Main Library 02/01/2004 purchase 823 UNK/DHI 00319 Books